000 00732nam a2200265Ia 4500
005 20260302115339.0
008 008 260114s9999 xx 000 0 eng d
020 _a9798400691058
037 _aTextbook
040 _aCRL
040 _beng
040 _cCRL
041 _2eng
041 _aeng
084 _qCRL
100 _aAlpana S. Sharma
_91121370
245 0 _aNew Immigrant Literatures in the United States A Sourcebook to Our Multicultural Literary Heritage
260 _bBloomsbury
260 _bGreenwood
260 _c1996
650 _aLiterary Studies
856 _uhttps://doi.org/10.5040/9798400691058?locatt=label:secondary_bloomsburyCollections
942 _cEBOOK
999 _c1685884
_d1685884